书目信息 |
| 题名: |
1942-1946年的远东
|
|
| 作者: | 琼斯 , Jones 著 ;复旦大学外文系教研组 译 | |
| 分册: | 下册 | |
| 出版信息: | 上海 上海译文出版社 1979 |
|
| 页数: | 905页 | |
| 开本: | 19cm | |
| 丛书名: | ||
| 单 册: | ||
| 中图分类: | D819 , D815 | |
| 科图分类: | ||
| 主题词: | 国际关系史--远东--1939~1946 , 国际关系史--远东--1941~1946 , 国际关系 | |
| 电子资源: | ||
| ISBN: | ||
| 000 | 01025nam0 2200349 45 | |
| 001 | 0179002597 | |
| 005 | 20040429084651.0 | |
| 010 | @dCNY2.85 | |
| 091 | @a3188.7 | |
| 100 | @a19950713d1979 kemy0chiy0121 ea | |
| 101 | 1 | @achi@ceng |
| 102 | @aCN@b310000 | |
| 105 | @ay z 000yy | |
| 106 | @ar | |
| 200 | 10 | @a1942-1946年的远东@A1942-1946 nian de yuan dong@h下册@f(英)琼斯(F.C.Jones)等著@g复旦大学外文系教研组译 |
| 210 | @a上海@c上海译文出版社@d1979 | |
| 215 | @a905页@d19cm | |
| 300 | @a内部发行 | |
| 300 | @a书名原文:The far east,1942-1946 | |
| 300 | @a国际事务概览 1939-1946 | |
| 510 | 1 | @aThe far east,1942-1946@zeng |
| 606 | @a国际关系史@y远东@z1939~1946 | |
| 606 | @a国际关系史@y远东@z1941~1946 | |
| 606 | 0 | @a国际关系 |
| 610 | 0 | @a远东 |
| 690 | @aD819@v3 | |
| 690 | @aD815 | |
| 701 | 1 | @a琼斯@Aqiong si@bF.C.@4著 |
| 701 | A1 | @aJones@bF.C.@4著 |
| 712 | 02 | @a复旦大学外文系教研组@Afu dan da xue wai wen xi jiao yan zu@4译 |
| 801 | 0 | @aCN@bNLC@c20040429 |
| 905 | @f1@b9373@dD815@e3:2 | |
| 1942-1946年的远东.下册/(英)琼斯(F.C.Jones)等著/复旦大学外文系教研组译.-上海:上海译文出版社,1979 |
| 905页;19cm |
| 内部发行.-书名原文:The far east,1942-1946.-国际事务概览 1939-1946 |
| ISBN :CNY2.85 |
| ● |
| 相关链接 |
|
|
|
|
正题名:1942-1946年的远东
索取号:D815/3:2
 
预约/预借
| 序号 | 登录号 | 条形码 | 馆藏地/架位号 | 状态 | 备注 |
| 1 | 0009373 | 001016723 | 第一样本阅览室/ [索取号:D815/3:2] | 在馆 |